000 00579nam a2200169 i 4500
001 33610
003 ES-MaACL
005 20230906154805.0
007 t|
008 030202s1931 sp ||||1| spa d
100 1 _aBinet-Sangle, Charles.
_928920
245 1 3 _aLa locura de Jesús
_b: resumen de la célebre obra que ha producido más emoción en el mundo /
_cCharles Binet-Sangle ; traducción de Luis N. de Castro.
260 _aBarcelona :
_bJasón,
_c1931 (
_fImp. Costa)
300 _a402 p. ;
_c22 cm.
700 1 _aCastro, Luis N. de.
_936877
852 _aES-MaACL
_jA-1271
999 _c33610
_d33610